000 01201na a2200337 4500
001 22203
003 MIRAKIL
005 20181226092844.0
008 170212b tu n0 0 0
022 _a1300-7270
035 _a20919
040 _aMilas
_btur
_cTR-AnCHP
041 _atur
090 _a050 DER 125
222 _aAda kentliyim
245 _aAda kentliyim
260 _aAnkara
_bYayımevi A.Ş
_c1995-
300 _ac.
_brnk. res.
_c30 sm.
310 _aÜç ayda bir
362 _ayıl 3, sayı 10 (Haziran-Ağustos 1997) -
500 _aMevcut sayılar: (3) 15 Ağustos-15 Kasım 1995; (4) 15 Kasım 1995-15 Şubat 1996; (5-7) Mart-Kasım 1996; (9-12) Şubat 1997-Şubat 1998; (13-16) Mart-Ekim 1998
500 _aNiteleme yıl 3, sayı 10 (Haziran-Ağustos 1997) 'e dayalıdır.
500 _a"Yerel yönetim, politika, kültür, sanat"
650 _aKent planlama
_vSüreli yayınlar
_zTürkiye
650 _aKent politikası
_vSüreli yayınlar
650 _aYerel yönetim
_vSüreli yayınlar
650 _aKentler ve kasabalar
_vSüreli yayınlar
_zTürkiye
650 _aKent kültürü
_vSüreli yayınlar
_zTürkiye
910 _aDergi 125
942 _2ddc
_cSER
999 _c11438
_d11438